000 00786nam a2200229 a 4500
008 120416s2005 ||||||||||||||||| || u
020 _a0471683302
050 _aHF 5635 Roe
100 _aRoehl-Anderson, Janice M
245 1 0 _aThe controller's function
246 _athe work of the managerial accountant
250 _a3rd ed.
260 _aHoboken, NJ
_bJohn Wiley and Sons
_c2005.
300 _axi, 460p. : ill.
350 _a0.00
650 0 _aMANAGERIAL ACCOUNTING
650 _aAUDING
650 _aCONTROLLERSHIP
650 0 _aACCOUNTING--HANDBOOKS, MANUALS, ETC
700 _aBragg, Steven M
995 _D0.00
_FCBU-MAIN LIBRARY (Kitwe)
_H1
_I27.50
_M1
_UAVAILABLE
_WAug 11, 2006
_ZMain Library Open Access Collection
999 _c38731
_d38731